000 00443nam a22001337a 4500
003 SGT
020 _a9788192911427
082 _a080
_bS14S
100 _aशेखर, सुघांशु
245 _aसामाजिक न्याय : अम्बेडकर विचार और आधुनिक सन्दर्भ
260 _b दर्शना पब्लिकेशंस
_c2014
300 _a198
942 _2ddc
_cBK
999 _c31646
_d31646